000 00389 a2200109 4500
001 ART_55377
005 20260410161947.0
008 260409a
245 1 0 _aEl fondo de reserva, la limitación del decreto 1022/2017 y su discordancia con la resolución (SSS) 396/2020
100 1 _aFavier, Daniela
773 0 _tTemas de derecho laboral
_g- N° 3 (mar. 2022)
_wREV27619
999 _c29995
_d29995